W jakich klubach grają Polscy Piłkarze #1 - Statystyki

Ogólne statystyki
  • Ten quiz został rozwiązany 1 082 razy
    1 040 od ostatniego zresetowania
  • Średni wynik to 13 z 30
Statystyki odpowiedzi
Zawodnik Klub % Poprawnych
Robert Lewandowski Bayern Monachium
97%
Łukasz Piszczek Borussia Dortmund
77%
Krzysztof Piątek AC Milan
75%
Kamil Glik AS Monaco
70%
Jakub Błaszczykowski Wisła Kraków
69%
Arkadiusz Milik SSC Napoli
62%
Kamil Grosicki Hull City
61%
Jan Bednarek Southampton FC
61%
Grzegorz Krychowiak Lokomotiv Moskwa
56%
Krystian Bielik Arsenal (Charlton Athletic FC)
55%
Łukasz Fabiański West Ham United
54%
Wojciech Szczęsny Juventus FC
53%
Sebastian Szymański Legia Warszawa
52%
Mateusz Klich Leeds United FC
47%
Bartłomiej Drągowski ACF Fiorentina (FC Empoli)
45%
Kamil Grabara Liverpool FC (AGF)
44%
Tomasz Kędziora Dynamo Kijów
42%
Artur Boruc AFC Bournemouth
39%
Łukasz Teodorczyk Udinese Calcio
39%
Taras Romanczuk Jagiellonia Białystok
38%
Szymon Żurkowski Górnik Zabrze
34%
Dawid Kownacki Fortuna Düsseldorf
33%
Karol Linetty UC Sampdoria
33%
Damian Kądzior Dinamo Zagrzeb
27%
Kamil Wilczek Brøndby IF
21%
Rafał Kurzawa Amiens SC (FC Midtjylland)
18%
Łukasz Skorupski Bologna FC
18%
Jacek Góralski Łudogorec Razgrad
18%
Paweł Dawidowicz SL Benfica B (Hellas Verona)
9%
Adrian Mierzejewski Chongqing Lifan
3%
Nie znaleziono quizów pasujących do podanych kryteriów
Rozkład punktacji
Procent ludzi z każdym wynikiem
Percentyl według liczby udzielonych odpowiedzi
Twoja historia wyników
Nie rozwiązałeś tego quizu od ostatniego zresetowania